Complete Reference C++ (Record no. 5988)
[ view plain ]
| 000 -LEADER | |
|---|---|
| fixed length control field | 00312nam a2200133Ia 4500 |
| 008 - FIXED-LENGTH DATA ELEMENTS--GENERAL INFORMATION | |
| fixed length control field | 191201s2014 xx 000 0 und d |
| 100 ## - MAIN ENTRY--PERSONAL NAME | |
| Personal name | SCHILDT, Herbert |
| 245 #0 - TITLE STATEMENT | |
| Title | Complete Reference C++ |
| 250 ## - EDITION STATEMENT | |
| Edition statement | Rep |
| 260 ## - PUBLICATION, DISTRIBUTION, ETC. (IMPRINT) | |
| Place of publication, distribution, etc | New Delhi |
| Name of publisher, distributor, etc | TMH |
| Date of publication, distribution, etc | 2014 |
| 300 ## - PHYSICAL DESCRIPTION | |
| Extent | 1023 |
| 650 ## - SUBJECT ADDED ENTRY--TOPICAL TERM | |
| Topical term or geographic name as entry element | M.Tech(CSE) |
| 942 ## - ADDED ENTRY ELEMENTS (KOHA) | |
| Source of classification or shelving scheme | Dewey Decimal Classification |
| Koha item type | Text Books |
| 942 ## - ADDED ENTRY ELEMENTS (KOHA) | |
| -- | 11 |
| Withdrawn status | Lost status | Source of classification or shelving scheme | Damaged status | Not for loan | Collection code | Home library | Current library | Date acquired | Source of acquisition | Cost, normal purchase price | Bill Number | Total Checkouts | Full call number | Acc. no. / Barcode | Date last seen | Date last borrowed | Actual Cost, discounted price | Bill Date | Koha item type | Checked out |
|---|---|---|---|---|---|---|---|---|---|---|---|---|---|---|---|---|---|---|---|---|
| Dewey Decimal Classification | B.Tech(CSE) | PIET C-LIBRARY | PIET C-LIBRARY | 09/08/2014 | Orange Books International | 595.00 | 4580 | 7 | 005.133 SCC | 24751 | 09/10/2023 | 25/09/2023 | 416.50 | 31/07/2014 | Text Books | |||||
| Dewey Decimal Classification | B.Tech(CSE) | PIET C-LIBRARY | PIET C-LIBRARY | 09/08/2014 | Orange Books International | 595.00 | 4580 | 1 | 24752 | 12/10/2020 | 12/10/2020 | 416.50 | 31/07/2014 | Text Books | 26/10/2020 | |||||
| Dewey Decimal Classification | B.Tech(CSE) | PIET C-LIBRARY | PIET C-LIBRARY | 09/08/2014 | Orange Books International | 595.00 | 4580 | 2 | 005.133 SCC | 24753 | 21/11/2023 | 07/11/2023 | 416.50 | 31/07/2014 | Text Books | |||||
| Dewey Decimal Classification | B.Tech(CSE) | PIET C-LIBRARY | PIET C-LIBRARY | 09/08/2014 | Orange Books International | 595.00 | 4580 | 6 | 005.133 SCC | 24754 | 21/10/2024 | 16/09/2024 | 416.50 | 31/07/2014 | Text Books | |||||
| Dewey Decimal Classification | B.Tech(CSE) | PIET C-LIBRARY | PIET C-LIBRARY | 09/08/2014 | Orange Books International | 595.00 | 4580 | 5 | 005.133 SCC | 24755 | 10/05/2023 | 04/05/2023 | 416.50 | 31/07/2014 | Text Books |